Land vs. Land #179 - Statistiken

Allgemein
  • Dieses Quiz wurde 22 mal gespielt
  • Das Durchschnittsergebnis liegt bei 11 aus 14
Antwortstatistiken
Frage Antwort % Korrekt
...Einwohner? Kanada🇨🇦
100%
...Exportmengen? Kanada🇨🇦
100%
...Fläche? Kanada🇨🇦
95%
...Militär? Kanada🇨🇦
95%
...Bruttoinlandsprodukt? Kanada🇨🇦
89%
...HDI (Human Development Index)? Irland🇮🇪
79%
...Lebenserwartung? Irland🇮🇪
79%
...Tourismus? Kanada🇨🇦
79%
...Bruttoinlandsprodukt pro Kopf? Irland🇮🇪
74%
...Happy Planet Index? Irland🇮🇪
74%
...Gesundheitswesen? Irland🇮🇪
74%
...Gewinner? Kanada🇨🇦
74%
...Frieden? Irland🇮🇪
63%
...durchschnittlicher IQ? Kanada🇨🇦
42%
Keine übereinstimmenden Quizze gefunden
Verteilung der Resultate
Anzahl Personen mit jedem Resultat
Perzentil nach korrekt beantworteten Fragen
Ihre Resultats-Entwicklung
Sie haben dieses Quiz noch nicht gespielt